000 00597nam a22001697a 4500
005 20251108164228.0
008 250721s1986 xx 000 0 ara d
082 1 4 _a327.16/أحم
100 1 _aرسلان، أحمد فؤاد
245 1 0 _aنظرية الصراع الدولي :
_bدراسة في تطور الأسرة الدولية المعاصرة /
264 1 _aالقاهره :
_bالهيئة المصرية العامة للكتاب،
_c1986.
300 _a275ص
650 1 7 _aالعلاقات الدولية
650 1 7 _aالصراع الدولي
942 _2ddc
_cBK
999 _c6921
_d6921